000 00336nam a22001337a 4500
020 _a978-81-237-1100-3
082 _a823
_bKAM/W
100 _aBALASUBRAMANIAN, KAMAKSHI
245 _aWAITING FOR THE RAIN
250 _aFIRST EDITION
260 _aDELHI
_bNATIONAL BOOK TRUST
_c2019
650 _aCHILDREN'S STORY BOOK
_zINDIA
942 _cBK
999 _c7033
_d7033